| 000 | 00892nam a2200277 i 4500 | ||
|---|---|---|---|
| 001 | 15525 | ||
| 003 | ES-MaACL | ||
| 005 | 20250831062446.0 | ||
| 007 | t| | ||
| 008 | 000328s1999 sp |||| | spa d | ||
| 020 | _a84-7914-444-0 | ||
| 080 | _a215(091) | ||
| 080 | _a261.6(091) | ||
| 080 | _a001(091) | ||
| 100 | 1 |
_aRiaza Morales, José María. _996695 |
|
| 245 | 1 | 3 |
_aLa Iglesia en la historia de la ciencia / _cJosé María Riaza Morales. |
| 260 |
_aMadrid : _bBiblioteca de Autores Cristianos, _c1999. |
||
| 300 |
_aXIX, 319 p. ; _c20 cm. |
||
| 490 | 1 |
_aBiblioteca de Autores Cristianos ; _v601 |
|
| 610 | 2 | 7 |
_aIglesia Católica- _xDoctrinas _2 _9151420 |
| 650 | 4 |
_aReligión y ciencia- _vHistoria. _916807 |
|
| 650 | 1 | 4 |
_aCiencia- _vHistoria. _910954 |
| 830 | 0 | 0 |
_aBiblioteca de autores cristianos _v601 _9178679 |
| 852 |
_aES-MaACL _jJ-588 |
||
| 999 |
_c15525 _d15525 |
||